000 00403 a2200145 4500
040 _aDLC
082 _a022.1
100 _aAkhtar, Dr. Malik Hassan.
245 _aHamray Kitub Khanay
_cDr. Malik Hassan Akhtar
260 _aIslamabad :
_bMuqtadara Qumi Zuban
_c1987.
300 _a154 p. ;
_c 24 cm
500 _aIncludes Index
650 _aLibrary and information science.
942 _cBK
_k022.1 AKH
_2ddc
999 _c7098
_d7098